Переписка Постоянного совета с членом экономической комиссии Постоянного совета Н. Н. Покровским по вопросу составления доклада ...

Доступно только в Электронных читальных залах Найти на картеНа карте
RUSMARC
00005213nmc2a22003371x 450
0016097cb72-857e-47aa-83e0-754ef4611804
00520131120214103.0
100##$a20130605l19151915k y0rusy50 ca
1010#$arus
102##$aRU
105##$aa z |||e|
1222#$ad19150214
$ad19150420
2001#$aПереписка Постоянного совета с членом экономической комиссии Постоянного совета Н. Н. Покровским по вопросу составления доклада XI съезду уполномоченных об условиях развития нашего экспорта и письмо председателя Постоянного совета А. П. Струкова к управляющему Министерством торговли и промышленности В. Н. Шаховскому о решениях XI съезда уполномоченных (отпуск)
$j14 февраля - 20 апреля 1915
215##$a35 листов
$cтабл.
251##$cДело
300##$aЧасть документов рукописная, часть - напечатана типографским способом и на пишущей машинке
300##$aЗаголовок на вложенной папке: О мерах к развитию нашего экспорта
330##$aI. Материалы съездов объединенных дворянских обществ /1906-1917 гг./
461#0$1001b6db1e6b-efcc-4108-961b-a8f75be6354f
$12001
$aПостоянный совет объединенных дворянских обществ
$1251
$cФонд
$1852
$j434
462#0$1001376737bd-14a2-4097-a3d5-a02b2aa0e2d3
$12001
$aПостоянный совет объединенных дворянских обществ. 1906-1917 гг.
$1251
$cОпись
$1852
$j1
517##$aО мерах к развитию нашего экспорта
600#1$aПокровский
$bН. Н.
600#1$aСтруков
$bА. П.
600#1$aШаховской
$bВ. Н.
60102$3RU\NLR\AUTH\8810165427
$aПостоянный совет объединенных дворянских обществ
$cПетербург
60102$3RU\NLR\AUTH\8810165539
$aПостоянный совет объединенных дворянских обществ
$cПетербург
$bЭкономическая комиссия
60101$3RU\NLR\AUTH\889947252
$aРоссия
$bМинистерство торговли и промышленности
60112$3RU\NLR\AUTH\8810165611
$aСъезд уполномоченных дворянских обществ
$d11
$f1915
$eСанкт-Петербург
801#0$aRU
$bGA_RF
801#1$aRU
$bНПО Опыт
$c20130605
$2rusmarc
801#2$aRU
$bПБ им. Б.Н. Ельцина
$c20131120
$gRCR
$2rusmarc
852##$aГА РФ
$j43
937##$d41870576
$hПБ
035##$aRuPRLIB51006687
Формат отображения